| 000 | 00776nam a2200217Ii 4500 | ||
|---|---|---|---|
| 003 | JO-AjNU | ||
| 008 | 230605s9999||||xx |||||||||||||| ||und|| | ||
| 017 | _a2007/1/87 | ||
| 040 |
_aJO-AjNU _bara _erda _cJO-AjNU |
||
| 041 | _aara | ||
| 050 | 1 | 4 | _aK3442.A3364.2007 |
| 100 | 3 |
_a العجارمة ، نوفان العقيل , _eauthor _925746 |
|
| 245 | 0 | 0 | _aسلطة تأديب الموظف العام " دراسة مقارنة " |
| 250 | _aط1 | ||
| 264 | 3 | 1 | _aعمان : دار الثقافة ، 2007 |
| 300 | _a495ص | ||
| 336 |
_atext _btxt _2rdacontent |
||
| 337 |
_aunmediated _bn _2rdamedia |
||
| 338 |
_avolume _bnc _2rdacarrier |
||
| 650 | 4 |
_aقانون العمل والعمال -- الموظفون الحكوميون -- الأردن -- الدراسات _925747 |
|
| 999 |
_aA9670 _c13238 _d13238 |
||